000 00411nam a2200181Ia 4500
001 17537
005 20260306171524.0
008 260306s9999||||xx |||||||||||||| ||und||
041 _aESP
082 _a658.02
_bG81
100 _aGriffin, Richy W.
_eAUT
245 0 _aNegocios
260 _c1997
300 _axviii, 757 páginas :
_c27 cm.
650 _aGEN
654 _aCAN
942 _cLIB
_dJUS
_fJUS
_2ddc
_n
999 _c17537
_d17537